000 00545nam a2200205Ia 4500
003 GCL
008 140319s9999 xx 000 0 eng d
040 _aGCL /
_cGCL
082 0 4 _a273.1
_bM N
100 1 _aMEMBERS OF THE COTIC
245 1 0 _aTHE NAG HAMMADI LIBRARY IN ENGLISH /
_cMEMBERS OF THE COTIC
700 1 _aGNOSTIC LIBRARY REJECT
260 _a[S.N] :
_bE JBRILL ،
_c1988
300 _a549 P
650 0 4 _aRELIGION
650 0 4 _aCHURCH HISTORY
650 0 4 _aCHRISTIANITY
650 0 4 _aCHRISTIAN GYNOSTICISM
942 _2ddc
_cBK
999 _c15335
_d15335